Experimental techniques in low-temperatures physics

Gespeichert in:
Bibliographische Detailangaben
1. Verfasser: White, Guy Kendall (Verfasst von)
Format: Buch
Sprache:Englisch
Veröffentlicht: Oxford : Clarendon Press, 1968
Ausgabe:2.ed.
Tags: Tag hinzufügen
Keine Tags, Fügen Sie das erste Tag hinzu!

MARC

LEADER 00000nam a22000003a 4500
001 stu204753
005 20150617230052.5
008 100602s1968----uk------------------eng-d
040 |a STU  |b slo 
041 0 |a eng 
044 |a uk 
080 |a 536.48  |7 stu_us_auth*stu10097 
080 |a 621.594 
100 1 |a White, Guy Kendall  |4 aut 
245 1 |a Experimental techniques in low-temperatures physics 
250 |a 2.ed. 
260 |a Oxford :  |b Clarendon Press,  |c 1968 
300 |a 11, 397 s 
996 |b E22583  |c E*22583  |l EE11  |s P  |a 0  |w stu204753_0001